000 00355nam a2200133Ia 4500
008 240624s9999 xx 000 0 und d
041 _aeng
082 _a020 KUM
100 _aKUMAR P S G
245 _aBUSINESS INDUSTRIAL LIBRARIANSHIP MLISC
260 _c2008
_aNew Delhi
_bB R Publishing Corporation
300 _a235 : p. : cm. ; 22
365 _cRS
_b20
999 _c13139
_d13139